Esquistosomiasis: la enfermedad de las represas /
Guardado en:
| Autor Principal: | |
|---|---|
| Formato: | Libro |
| Publicado: |
Buenos Aires :
La Naci¢n,
1994
|
| Etiquetas: |
Agregar Etiqueta
Sin Etiquetas, Sea el primero en etiquetar este registro!
|
| LEADER | 00421nam a22001455a 4500 | ||
|---|---|---|---|
| 001 | CEM.cems008571 | ||
| 005 | 20060214000000.0 | ||
| 008 | 130507s1994##################000#0#####d | ||
| 003 | CEMS | ||
| 082 | 0 | 4 | |a F574.5 |
| 100 | 1 | |a Villarino Emilio | |
| 245 | 1 | 0 | |a Esquistosomiasis: la enfermedad de las represas / |
| 260 | |a Buenos Aires : |b La Naci¢n, |c 1994 | ||
| 300 | |a 2 p.1 | ||
| 859 | |a CEMS |b BIB. CEMS - 11 de abril |h F574.5 |i 6-5 |p 45546.56 |t Ej.1 | ||
